Mohou zdravotní pojišťovny podnikat?
Potreba korigovania dosiaľ fungujúceho systému financovania zdravotnej starostlivosti. Podnikanie v oblasti zdravotného poistenia. Vlastné zdravotnícke zariadenia a lekárne. Penzijné fondy. Obchody s cennými papiermi.
Enregistré dans:
| Auteur principal: | |
|---|---|
| Format: | Chapitre de livre |
| Langue: | tchèque |
| Sujets: | |
| Tags: |
Pas de tags, Soyez le premier à ajouter un tag!
|
MARC
| LEADER | 00000naa a2200000 4500 | ||
|---|---|---|---|
| 001 | r015693 | ||
| 005 | 20221213081937.4 | ||
| 041 | 0 | |a cze | |
| 044 | |a CZ | ||
| 245 | 1 | 0 | |a Mohou zdravotní pojišťovny podnikat? |c J. Blažke |
| 520 | |a Potreba korigovania dosiaľ fungujúceho systému financovania zdravotnej starostlivosti. Podnikanie v oblasti zdravotného poistenia. Vlastné zdravotnícke zariadenia a lekárne. Penzijné fondy. Obchody s cennými papiermi. | ||
| 610 | 2 | 0 | |a poistenie zdravotné |
| 610 | 2 | 0 | |a starostlivosť zdravotná |
| 610 | 2 | 0 | |a podnikanie |
| 610 | 2 | 0 | |a financovanie |
| 100 | 1 | |a Blažke, J. | |